[Event "NZ Junior 2011"]
[Site "?"]
[Date "2011.07.27"]
[Round "3.14"]
[White "Jiang, Rocky"]
[Black "Geng, Karen"]
[Result "1-0"]
[WhiteElo "1070"]
[BlackElo "1279"]
[PlyCount "101"]
[EventDate "2011.07.29"]
[SourceDate "2011.07.29"]

1. e4 d5 2. exd5 Nf6 3. Nc3 Nxd5 4. Nxd5 Qxd5 5. Nf3 e5 6. Be2 Nc6 7. O-O Bf5
8. Re1 f6 9. d4 O-O-O 10. c4 Qd7 11. d5 Nb4 12. Rf1 Bd6 13. a3 Na6 14. b4 e4
15. Nd4 Be5 16. Bb2 Bxd4 17. Bxd4 c6 18. Bxa7 g5 19. f3 exf3 20. Rxf3 Bg4 21.
Rxf6 Bxe2 22. Qxe2 Qc7 23. Qe3 Rhe8 24. Re6 Qg7 25. Re1 Nc7 26. Re4 Rxe4 27.
Qxe4 Re8 28. Qf5+ Qd7 29. Qxd7+ Kxd7 30. Rxe8 Nxe8 31. dxc6+ Kxc6 32. Bc5 b5
33. cxb5+ Kxb5 34. Kf2 Nc7 35. Ke3 Ka4 36. Kd4 Nb5+ 37. Ke5 Nxa3 38. Kf5 h6 39.
Kg4 Nc4 40. Kh5 Ne5 41. Kxh6 Ng4+ 42. Kxg5 Nxh2 43. g4 Nf3+ 44. Kf4 Nh4 45. g5
Ng6+ 46. Kf5 Nh4+ 47. Ke4 Ng6 48. Kf5 Nh4+ 49. Kf6 Kb5 50. g6 Nxg6 51. Kxg6 {
Black resigns} 1-0

[Event "NZ Junior 2011"]
[Site "?"]
[Date "2011.07.27"]
[Round "3.15"]
[White "Simmons, Joshua"]
[Black "Zhu, Crystal"]
[Result "0-1"]
[WhiteElo "808"]
[BlackElo "1155"]
[PlyCount "106"]
[EventDate "2011.07.29"]
[SourceDate "2011.07.29"]

1. e4 e6 2. d4 d5 3. Nc3 Bb4 4. exd5 exd5 5. a3 Bxc3+ 6. bxc3 Nf6 7. Bg5 O-O 8.
Bd3 h6 9. Bxf6 Qxf6 10. Nf3 Re8+ 11. Be2 Qe6 12. Ne5 Nc6 13. O-O Nxe5 14. dxe5
Qxe5 15. Re1 Qxc3 16. h3 Bf5 17. Qxd5 Rxe2 18. Rxe2 Qxa1+ 19. Kh2 Qf6 20. Qxb7
Qd6+ 21. g3 Rd8 22. Qxa7 Qb6 23. Qxb6 cxb6 24. g4 Be6 25. f4 Bc4 26. Re4 b5 27.
a4 Rd2+ 28. Kg3 Rxc2 29. axb5 Bxb5 30. f5 Rc3+ 31. Kf4 Rxh3 32. Re3 Rxe3 33.
Kxe3 f6 34. Kf4 Kf7 35. Kg3 g6 36. fxg6+ Kxg6 37. Kh4 Kg7 38. Kh5 Be8+ 39. Kh4
Bg6 40. Kg3 h5 41. gxh5 Bxh5 42. Kf4 Kg6 43. Kg3 Kg5 44. Kg2 f5 45. Kg3 f4+ 46.
Kg2 f3+ 47. Kf2 Kf4 48. Ke1 Ke3 49. Kf1 f2 50. Kg2 Ke2 51. Kg3 f1=Q 52. Kh2
Qf2+ 53. Kh1 Bf3# 0-1

[Event "NZ Junior 2011"]
[Site "?"]
[Date "2011.07.27"]
[Round "3.16"]
[White "Fan, Allen"]
[Black "Chen, Catherin"]
[Result "1-0"]
[WhiteElo "1153"]
[BlackElo "1077"]
[PlyCount "55"]
[EventDate "2011.07.29"]
[SourceDate "2011.07.29"]

1. e4 e5 2. Nf3 Nc6 3. Bb5 Nf6 4. O-O Bc5 5. Bxc6 dxc6 6. Nxe5 Nxe4 7. d3 f6 8.
Qh5+ g6 9. Nxg6 Rg8 10. Qxh7 Be6 11. dxe4 Qd7 12. Qxd7+ Bxd7 13. Nf4 O-O-O 14.
Nc3 f5 15. e5 Rde8 16. Re1 Bd4 17. e6 Kb8 18. Be3 Bxc3 19. bxc3 Bxe6 20. Nxe6
Rxe6 21. Bxa7+ Kxa7 22. Rxe6 Rd8 23. Rf6 Rd5 24. h4 f4 25. Rxf4 Kb8 26. g4 Kc8
27. h5 Kd8 28. Re1 {Black resigns} 1-0

[Event "NZ Junior 2011"]
[Site "?"]
[Date "2011.07.27"]
[Round "3.18"]
[White "Yan, Sarah"]
[Black "Dong, Olivia"]
[Result "0-1"]
[WhiteElo "920"]
[BlackElo "1167"]
[PlyCount "82"]
[EventDate "2011.07.29"]
[SourceDate "2011.07.29"]

1. e4 c5 2. Nf3 d6 3. Nc3 Nf6 4. d3 g6 5. h3 Bg7 6. Be2 O-O 7. O-O Nc6 8. Bg5
Bd7 9. Bxf6 Bxf6 10. Qd2 Nd4 11. Nxd4 Bxd4 12. Bf3 Qb6 13. b3 Qb4 14. Nb1 Bxa1
15. Qxb4 cxb4 16. Nd2 Bg7 17. Re1 Rac8 18. Rc1 Bh6 19. Rd1 Rxc2 20. Nc4 Rxa2
21. e5 b5 22. Ne3 dxe5 23. Rc1 Be6 24. Rb1 Ra3 25. Nd5 Bg5 26. Kf1 Rc8 27. Be4
Bxd5 28. Bxd5 Rc3 29. Ke2 e6 30. Be4 Raxb3 31. Rxb3 Rxb3 32. Bc6 a6 33. Bb7 a5
34. Bc6 a4 35. Bxb5 a3 36. Bc4 a2 37. Bxb3 a1=Q 38. Kf3 Qb2 39. Bd1 b3 40. Bxb3
Qxb3 41. Ke4 Qd5# 0-1

[Event "NZ Junior 2011"]
[Site "?"]
[Date "2011.07.27"]
[Round "3.19"]
[White "Timergazi, Layla"]
[Black "Lin, Anna"]
[Result "1-0"]
[WhiteElo "1514"]
[BlackElo "1001"]
[PlyCount "69"]
[EventDate "2011.07.29"]
[SourceDate "2011.07.29"]

1. d4 d5 2. c4 c6 3. e3 Nf6 4. Nc3 Bf5 5. Nf3 e6 6. Nh4 Bg6 7. Nxg6 fxg6 8.
cxd5 exd5 9. Bd3 Be7 10. O-O O-O 11. Qb3 Kh8 12. Qxb7 Nbd7 13. Qxc6 Nb6 14. Ba6
Bd6 15. Nb5 Nc4 16. b3 Na5 17. Qxd6 Qxd6 18. Nxd6 Rad8 19. Ba3 Rd7 20. Bb5 Rc7
21. Rac1 Rd7 22. Bxd7 Nxd7 23. Rc7 Rd8 24. Nf7+ Kg8 25. Nxd8 Nb6 26. Rxa7 Nac4
27. bxc4 dxc4 28. Rc1 h6 29. Bc5 Nd5 30. Rxc4 g5 31. Ne6 Nf6 32. Rxg7+ Kh8 33.
Be7 Ng8 34. Rc8 g4 35. Rcxg8# 1-0

[Event "NZ Junior 2011"]
[Site "?"]
[Date "2011.07.27"]
[Round "3.21"]
[White "Qin, Nicole"]
[Black "Zhang, Jasmine"]
[Result "1-0"]
[WhiteElo "544"]
[BlackElo "712"]
[PlyCount "67"]
[EventDate "2011.07.29"]
[SourceDate "2011.07.29"]

1. e4 e5 2. Nf3 Nc6 3. d4 exd4 4. Bc4 Bc5 5. Ng5 d5 6. Bxd5 Be6 7. Bxe6 fxe6 8.
Nxe6 Qe7 9. Nxc5 Qxc5 10. O-O O-O-O 11. Qg4+ Rd7 12. c3 Nf6 13. Qh3 Kb8 14. b4
Qd6 15. Ba3 Qe5 16. c4 Qxe4 17. Nd2 Qe8 18. Rfe1 Qf7 19. Nf3 Qxc4 20. Reb1 Qf7
21. b5 Ne7 22. Ne5 Qh5 23. Nxd7+ Kc8 24. Nxf6+ Qf5 25. Qxf5+ Nxf5 26. g4 gxf6
27. gxf5 Rg8+ 28. Kh1 Rg5 29. Rd1 Rxf5 30. Rxd4 Rxf2 31. Re1 b6 32. Re8+ Kb7
33. Rdd8 c6 34. Re7# 1-0

[Event "NZ Junior 2011"]
[Site "?"]
[Date "2011.07.27"]
[Round "3.22"]
[White "Li, Leo"]
[Black "Wang, Aaron"]
[Result "0-1"]
[WhiteElo "637"]
[BlackElo "547"]
[PlyCount "48"]
[EventDate "2011.07.29"]
[SourceDate "2011.07.29"]

1. e4 e5 2. Nf3 Nc6 3. d3 Bc5 4. Ng5 Nh6 5. Be2 O-O 6. O-O Re8 7. Bd2 Bb4 8. c3
Bc5 9. Bh5 b6 10. Qb3 Rf8 11. Re1 d6 12. Be3 Bxe3 13. Rxe3 Na5 14. Qd5 Bb7 15.
Qb5 a6 16. Qa4 Bc6 17. Qa3 Qxg5 18. g4 Nxg4 19. Rg3 Qxh5 20. h3 Nf6 21. b4 Qh6
22. bxa5 Nh5 23. Rg2 d5 24. Kh2 dxe4 {White resigns} 0-1

[Event "NZ Junior 2011"]
[Site "?"]
[Date "2011.07.27"]
[Round "4.1"]
[White "Li, Luke"]
[Black "Li, William"]
[Result "1-0"]
[WhiteElo "2223"]
[BlackElo "1975"]
[PlyCount "99"]
[EventDate "2011.07.29"]
[SourceDate "2011.07.29"]

1. d4 d5 2. c4 c6 3. Nf3 Nf6 4. Nc3 e6 5. Bg5 h6 6. Bh4 Be7 7. e3 Nbd7 8. cxd5
exd5 9. Bd3 O-O 10. O-O Re8 11. Qc2 b6 12. Rac1 Bb7 13. Qe2 c5 14. Rfd1 c4 15.
Bb1 a6 16. Qc2 b5 17. Ne5 Ne4 18. Nxd7 Qxd7 19. Bg3 g6 20. Bf4 Bf8 21. f3 Nxc3
22. Qxc3 b4 23. Qe1 Qe7 24. Qg3 Bg7 25. Re1 a5 26. Kf2 Qe6 27. h4 h5 28. Rcd1
a4 29. Qh2 a3 30. g4 hxg4 31. h5 g3+ 32. Qxg3 axb2 33. hxg6 fxg6 34. Rg1 Bc8
35. Bxg6 Re7 36. Bb1 Ra3 37. Qh4 Rxe3 38. Rxg7+ Rxg7 39. Bxe3 Qh3 40. Qd8+ Kf7
41. Bg5 Bd7 42. Re1 Qh2+ 43. Ke3 Qh3 44. Qe7+ Kg8 45. Qd8+ Kf7 46. Rh1 Qe6+ 47.
Kf2 Rg8 48. Rh7+ Rg7 49. Rh8 Qd6 50. Rh6 {Black resigns} 1-0

[Event "NZ Junior 2011"]
[Site "?"]
[Date "2011.07.27"]
[Round "4.2"]
[White "Huang, Alex"]
[Black "Ang, Alphaeus"]
[Result "1/2-1/2"]
[WhiteElo "2028"]
[BlackElo "1613"]
[PlyCount "87"]
[EventDate "2011.07.29"]
[SourceDate "2011.07.29"]

1. e4 Nc6 2. Nf3 d5 3. exd5 Qxd5 4. Nc3 Qd6 5. d4 Bf5 6. Nb5 Qd7 7. Bf4 Rc8 8.
Bc4 a6 9. Nc3 e6 10. d5 exd5 11. Nxd5 Bd6 12. Qe2+ Nge7 13. Bxd6 Qxd6 14. O-O-O
O-O 15. Nxe7+ Qxe7 16. Qxe7 Nxe7 17. Rhe1 Ng6 18. Nd4 Bd7 19. Bd3 c5 20. Nf5 c4
21. Be4 Bxf5 22. Bxf5 Rcd8 23. Bxg6 fxg6 24. Rxd8 Rxd8 25. Re7 Rf8 26. f3 Rf7
27. Rxf7 Kxf7 28. Kd2 Ke6 29. Kc3 Kd5 30. b3 cxb3 31. axb3 b6 32. Kd3 b5 33. b4
g5 34. g3 g6 35. h3 h6 36. f4 gxf4 37. gxf4 g5 38. fxg5 hxg5 39. c3 Ke5 40. Ke3
Kf5 41. Kf3 Kf6 42. Ke4 Ke6 43. Kd4 Kf5 44. Ke3 {Draw agreed} 1/2-1/2

[Event "NZ Junior 2011"]
[Site "?"]
[Date "2011.07.27"]
[Round "4.3"]
[White "Zhu, Leo"]
[Black "Gao, Hans"]
[Result "0-1"]
[WhiteElo "1625"]
[BlackElo "2124"]
[PlyCount "50"]
[EventDate "2011.07.29"]
[SourceDate "2011.07.29"]

1. e4 Nf6 2. e5 Nd5 3. c4 Nb6 4. d4 d6 5. exd6 cxd6 6. Nc3 g6 7. b3 Bg7 8. Bb2
O-O 9. Nf3 Bg4 10. Be2 Nc6 11. d5 Bxf3 12. Bxf3 Ne5 13. O-O a5 14. Rb1 Nbd7 15.
Ne4 Qc7 16. Qe2 a4 17. Nc3 Nc5 18. Nb5 Qc8 19. Nd4 axb3 20. axb3 Ncd3 21. Bc3
Qc5 22. Rfd1 Nf4 23. Qc2 Nxf3+ 24. Nxf3 Bxc3 25. Qxc3 Ne2+ {White resigns} 0-1

[Event "NZ Junior 2011"]
[Site "?"]
[Date "2011.07.27"]
[Round "4.4"]
[White "James, Jack"]
[Black "Jia, Hao"]
[Result "1/2-1/2"]
[WhiteElo "1784"]
[BlackElo "1781"]
[PlyCount "95"]
[EventDate "2011.07.29"]
[SourceDate "2011.07.29"]

1. e4 c5 2. Nc3 Nc6 3. f4 d6 4. Nf3 g6 5. Bc4 Bg7 6. O-O e6 7. a3 Nge7 8. d3
O-O 9. Qe1 a6 10. Qg3 b5 11. Ba2 Qc7 12. Nh4 Bd7 13. f5 exf5 14. exf5 Bxf5 15.
Nxf5 gxf5 16. Bh6 Ng6 17. Bxg7 Kxg7 18. Rxf5 Nce5 19. h4 Qd7 20. Raf1 Kh8 21.
h5 Ne7 22. Rxe5 dxe5 23. Qxe5+ Kg8 24. h6 Qd4+ 25. Qxd4 cxd4 26. Ne4 Ra7 27.
Nc5 Ng6 28. Rf6 Rc7 29. b4 a5 30. Rd6 axb4 31. axb4 Nf4 32. Kf1 Re7 33. Rxd4
Ne2 34. Rg4+ Kh8 35. Rg7 Nd4 36. g4 Nxc2 37. Ne4 Rg8 38. Rxf7 Rxf7+ 39. Bxf7
Rxg4 40. Be8 Nxb4 41. Bxb5 Rh4 42. Nd6 Kg8 43. Bc4+ Kf8 44. Ke2 Rxh6 45. Nf5
Rf6 46. Nh4 h5 47. Bb3 Kg7 48. Bd1 {Draw agreed} 1/2-1/2

[Event "NZ Junior 2011"]
[Site "?"]
[Date "2011.07.27"]
[Round "4.5"]
[White "Zhang, William"]
[Black "Qian, Bella"]
[Result "1-0"]
[WhiteElo "1667"]
[BlackElo "973"]
[PlyCount "69"]
[EventDate "2011.07.29"]
[SourceDate "2011.07.29"]

1. d4 d5 2. Bf4 e6 3. Nf3 c5 4. e3 Nc6 5. c3 Nf6 6. Nbd2 a6 7. Rc1 cxd4 8. cxd4
Bd6 9. Bg3 O-O 10. Bd3 Qe7 11. O-O Bxg3 12. hxg3 e5 13. dxe5 Nxe5 14. Bb1 Bg4
15. Qb3 b5 16. Rc3 Nxf3+ 17. Nxf3 Rfd8 18. Nd4 Re8 19. Rfc1 Qd7 20. Rc7 Qd6 21.
R1c6 Qe5 22. Bd3 Ne4 23. Bxe4 Qxe4 24. f3 Qb1+ 25. Rc1 Qg6 26. fxg4 Qxg4 27.
Qxd5 Qg6 28. Nf5 Rf8 29. Ne7+ Kh8 30. Nxg6+ fxg6 31. Qd7 Rg8 32. Rc8 Raxc8 33.
Rxc8 b4 34. Qe8 Rxe8 35. Rxe8# 1-0

[Event "NZ Junior 2011"]
[Site "?"]
[Date "2011.07.27"]
[Round "4.6"]
[White "Lam, Byron"]
[Black "Li, Jiapeng"]
[Result "0-1"]
[WhiteElo "1582"]
[BlackElo "1662"]
[PlyCount "112"]
[EventDate "2011.07.29"]
[SourceDate "2011.07.29"]

1. e4 e5 2. Nf3 Nc6 3. Nc3 Bc5 4. Bb5 d6 5. d4 exd4 6. Nxd4 Bxd4 7. Qxd4 Qf6 8.
Be3 Bd7 9. Qxf6 Nxf6 10. O-O O-O 11. Rfe1 h6 12. Nd5 Nxd5 13. exd5 Ne5 14. Bxd7
Nxd7 15. c4 b6 16. Bd4 Rfe8 17. Re3 Rxe3 18. fxe3 Re8 19. Kf2 Ne5 20. Bxe5 Rxe5
21. Kf3 f6 22. e4 Kf7 23. g4 h5 24. h3 g6 25. a4 a5 26. Rg1 Rg5 27. Rg3 Kg7 28.
Kf4 Kf7 29. b3 Kg7 30. h4 Rxg4+ 31. Rxg4 hxg4 32. Kxg4 Kh6 33. Kf4 Kh5 34. Kg3
g5 35. hxg5 fxg5 36. Kh3 g4+ 37. Kg3 Kg5 38. Kg2 Kh4 39. Kh2 g3+ 40. Kg2 Kg4
41. Kg1 Kf3 42. Kf1 Kxe4 43. Kg2 Kd3 44. Kxg3 Kc3 45. Kf2 Kxb3 46. Ke2 Kxc4 47.
Ke3 Kxd5 48. Kd3 Kc5 49. Kc3 d5 50. Kb3 d4 51. Kc2 Kc4 52. Kd2 d3 53. Kc1 Kc3
54. Kb1 d2 55. Ka2 d1=Q 56. Ka3 Qa1# 0-1

[Event "NZ Junior 2011"]
[Site "?"]
[Date "2011.07.27"]
[Round "4.7"]
[White "Yan, Caroline"]
[Black "Kolev, Hristo"]
[Result "0-1"]
[WhiteElo "957"]
[BlackElo "1567"]
[PlyCount "46"]
[EventDate "2011.07.29"]
[SourceDate "2011.07.29"]

1. e4 c5 2. Nf3 d6 3. Bc4 e6 4. d3 a6 5. Bb3 Nf6 6. Nc3 Be7 7. O-O O-O 8. e5
dxe5 9. Nxe5 Qc7 10. Bf4 Bd6 11. Re1 Nc6 12. Nxc6 Bxf4 13. g3 Bd6 14. Na5 Qxa5
15. Qf3 Qc7 16. Ne4 Nxe4 17. Rxe4 Qc6 18. Qh5 Be7 19. Ba4 b5 20. Bb3 c4 21.
dxc4 Qxe4 22. cxb5 Bb7 23. Qh3 Qh1# 0-1

[Event "NZ Junior 2011"]
[Site "?"]
[Date "2011.07.27"]
[Round "4.8"]
[White "Zhang, Leo"]
[Black "Kong-Lim, Qi Le"]
[Result "1-0"]
[WhiteElo "1554"]
[BlackElo "1535"]
[PlyCount "87"]
[EventDate "2011.07.29"]
[SourceDate "2011.07.29"]

1. e4 e6 2. d3 d5 3. Nd2 c5 4. Ngf3 Nc6 5. g3 f6 6. Bg2 d4 7. O-O e5 8. Re1 Be6
9. Nf1 Nge7 10. h4 Qd7 11. N3h2 Nc8 12. f4 Bd6 13. f5 Bf7 14. Ng4 h5 15. Ngh2
Nb6 16. Nd2 O-O-O 17. Nb3 Kb8 18. Bd2 Qc7 19. Na5 Rc8 20. a4 Nxa5 21. Bxa5 Qc6
22. Bxb6 Qxb6 23. b3 Qc7 24. Nf1 Rcg8 25. Qf3 Qe7 26. Qf2 Bc7 27. Re2 Ba5 28.
Nd2 Bc3 29. Rd1 a6 30. Nb1 Bb4 31. Nd2 b5 32. axb5 axb5 33. Ra1 Bc3 34. Ra2 c4
35. dxc4 Kb7 36. cxb5 Qb4 37. Nb1 d3 38. Ra7+ Kc8 39. Nxc3 dxe2 40. Ra8+ Kd7
41. Qa7+ Kd6 42. Qb6+ Kd7 43. Qc6+ Ke7 44. Qc7# 1-0

[Event "NZ Junior 2011"]
[Site "?"]
[Date "2011.07.27"]
[Round "4.9"]
[White "Zhan, Judd"]
[Black "Zhu, Karl"]
[Result "1-0"]
[WhiteElo "1533"]
[BlackElo "1488"]
[PlyCount "83"]
[EventDate "2011.07.29"]
[SourceDate "2011.07.29"]

1. e4 c5 2. Nf3 e6 3. d4 cxd4 4. Nxd4 a6 5. Nc3 Nc6 6. Be3 Qc7 7. Qd2 Nf6 8.
O-O-O Bb4 9. f3 O-O 10. a3 Ba5 11. Nb3 b5 12. Nxa5 Nxa5 13. Qf2 Rb8 14. Bc5
Qf4+ 15. Kb1 Nc4 16. Bxc4 bxc4 17. Bxf8 Kxf8 18. Qc5+ Kg8 19. Qxc4 h6 20. Qd3
Qe5 21. Qd6 Qxd6 22. Rxd6 e5 23. Nd5 Ne8 24. Rb6 Ra8 25. Ne7+ Kf8 26. Nxc8 Rxc8
27. Rxa6 Nf6 28. Rd1 Ke7 29. g3 g5 30. Rdd6 Ng8 31. Rd5 f6 32. Ra7 Rd8 33. Kc1
Ke6 34. Ra6+ d6 35. Rda5 Ne7 36. Ra8 Rd7 37. R5a7 d5 38. Rxd7 Kxd7 39. Ra7+ Ke6
40. Ra6+ Kf7 41. Rb6 Kg6 42. a4 {Black resigns} 1-0

[Event "NZ Junior 2011"]
[Site "?"]
[Date "2011.07.27"]
[Round "4.10"]
[White "Zhu, Martin"]
[Black "Jiang, Rocky"]
[Result "1-0"]
[WhiteElo "1173"]
[BlackElo "1070"]
[PlyCount "101"]
[EventDate "2011.07.29"]
[SourceDate "2011.07.29"]

1. e4 c5 2. Nf3 e6 3. d4 cxd4 4. Nxd4 a6 5. Nc3 Qc7 6. Be2 Nf6 7. Be3 Bb4 8.
Bd2 Bxc3 9. Bxc3 Nxe4 10. Qd3 d5 11. Bb4 Nc6 12. Nxc6 Qxc6 13. c3 Bd7 14. Qd4
Nf6 15. O-O a5 16. Ba3 b5 17. Qe3 Rb8 18. Qg3 Rb6 19. Qxg7 Rf8 20. Qxf6 b4 21.
cxb4 axb4 22. Bxb4 Rxb4 23. Rfc1 Qb6 24. b3 e5 25. Qxe5+ Qe6 26. Qc3 Re4 27.
Bf3 Re5 28. Re1 d4 29. Qd2 Kd8 30. Rxe5 Qxe5 31. Re1 Qc5 32. Rd1 Re8 33. g3 Bh3
34. Qxd4+ Qxd4 35. Rxd4+ Kc8 36. Rd1 f5 37. Bg2 Bxg2 38. Kxg2 Re2 39. a4 Kb7
40. Rd7+ Kc6 41. Rxh7 Kc5 42. Rh5 Kb4 43. Rxf5 Kxb3 44. a5 Ra2 45. h4 Kc4 46.
h5 Kd4 47. h6 Ke4 48. g4 Rb2 49. a6 Rb8 50. Rf6 Ra8 51. g5 {Black resigns} 1-0

[Event "NZ Junior 2011"]
[Site "?"]
[Date "2011.07.27"]
[Round "4.11"]
[White "Zhu, Crystal"]
[Black "Fan, Allen"]
[Result "1-0"]
[WhiteElo "1155"]
[BlackElo "1153"]
[PlyCount "35"]
[EventDate "2011.07.29"]
[SourceDate "2011.07.29"]

1. e4 e5 2. Nf3 Nc6 3. d4 f6 4. d5 Nb8 5. Be3 d6 6. Bc4 c6 7. Nc3 Ne7 8. O-O
Nd7 9. h3 Nb6 10. Bxb6 Qxb6 11. b3 f5 12. Re1 Ng6 13. Ng5 Be7 14. Qd2 Nf4 15.
dxc6 Qxc6 16. Bb5 Bxg5 17. Bxc6+ bxc6 18. Qxd6 {Black resigns} 1-0

[Event "NZ Junior 2011"]
[Site "?"]
[Date "2011.07.27"]
[Round "4.13"]
[White "Gong, Daniel"]
[Black "Dong, Olivia"]
[Result "1-0"]
[WhiteElo "817"]
[BlackElo "1167"]
[PlyCount "79"]
[EventDate "2011.07.29"]
[SourceDate "2011.07.29"]

1. e4 c5 2. Nf3 d6 3. d4 cxd4 4. Nxd4 Nf6 5. Nc3 g6 6. Be2 Bg7 7. Be3 O-O 8.
Qd2 Re8 9. O-O-O Bd7 10. f3 Nc6 11. Bh6 Bh8 12. h4 Rc8 13. g4 Ne5 14. h5 Nc4
15. Bxc4 Rxc4 16. hxg6 fxg6 17. Nb3 Qc8 18. g5 Nh5 19. Nd5 Be5 20. Kb1 Be6 21.
c3 Qc6 22. Na5 Qa6 23. Nxc4 Qxc4 24. a3 b5 25. Qd3 Qb3 26. Qc2 Qc4 27. b3 Qc5
28. Ka2 a5 29. c4 b4 30. a4 Nf4 31. Kb1 Nxd5 32. cxd5 Qxc2+ 33. Kxc2 Rc8+ 34.
Kb1 Bd7 35. Rc1 Ra8 36. Rc7 Rd8 37. Ra7 Rc8 38. Rxd7 Rc3 39. Rd8+ Kf7 40. Rf8#
1-0

[Event "NZ Junior 2011"]
[Site "?"]
[Date "2011.07.27"]
[Round "4.14"]
[White "Lim, Arvin"]
[Black "Timergazi, Layla"]
[Result "1-0"]
[WhiteElo "874"]
[BlackElo "1514"]
[PlyCount "85"]
[EventDate "2011.07.29"]
[SourceDate "2011.07.29"]

1. e4 c6 2. d4 d5 3. e5 Bf5 4. Nf3 Nd7 5. Bd3 Bxd3 6. Qxd3 e6 7. O-O c5 8. c3
cxd4 9. cxd4 Ne7 10. Nc3 Nc6 11. Be3 Be7 12. Rac1 O-O 13. Nd2 Bb4 14. a3 Bxc3
15. Rxc3 Qb6 16. Rb3 Qc7 17. Rc1 Nb6 18. Rbc3 Qd7 19. b4 Rac8 20. Nb3 Na4 21.
R3c2 Ne7 22. Nc5 Nxc5 23. Rxc5 Rxc5 24. Rxc5 Rc8 25. Qc2 h6 26. f4 Rxc5 27.
Qxc5 Nf5 28. Bf2 b6 29. Qc2 Qb5 30. g4 Ne7 31. Qc7 Nc6 32. f5 exf5 33. gxf5 a5
34. e6 fxe6 35. fxe6 axb4 36. axb4 Nxb4 37. Qf7+ Kh7 38. e7 Qd7 39. e8=Q Qg4+
40. Bg3 Qd1+ 41. Qe1 Qxd4+ 42. Qff2 Qg4 43. Qb1+ {Black resigns} 1-0

[Event "NZ Junior 2011"]
[Site "?"]
[Date "2011.07.27"]
[Round "4.15"]
[White "Chen, Johnson"]
[Black "Li, Rodney"]
[Result "1-0"]
[WhiteElo "1511"]
[BlackElo "790"]
[PlyCount "45"]
[EventDate "2011.07.29"]
[SourceDate "2011.07.29"]

1. e4 c5 2. Nc3 d6 3. Bc4 Nc6 4. f4 Nf6 5. Nf3 Bg4 6. h3 Bxf3 7. Qxf3 Nd4 8.
Qd1 g6 9. d3 Bg7 10. Be3 e5 11. fxe5 dxe5 12. Qd2 O-O 13. O-O-O Rc8 14. Bh6
Bxh6 15. Qxh6 a6 16. a3 Re8 17. Rhf1 Rb8 18. Qg5 Kg7 19. Rf2 b5 20. Ba2 Nd7 21.
Rxf7+ Kh8 22. Qh6 Nf8 23. Qg7# 1-0

[Event "NZ Junior 2011"]
[Site "?"]
[Date "2011.07.27"]
[Round "4.17"]
[White "Wang, Aaron"]
[Black "Fan, Cathy"]
[Result "0-1"]
[WhiteElo "547"]
[BlackElo "1334"]
[PlyCount "82"]
[EventDate "2011.07.29"]
[SourceDate "2011.07.29"]

1. e4 c5 2. Bc4 d6 3. Nf3 Nf6 4. O-O Nxe4 5. Re1 Nf6 6. Nc3 a6 7. d3 e6 8. h3
Be7 9. Bg5 b5 10. Bb3 Nbd7 11. Bxf6 Nxf6 12. a4 b4 13. Ne4 Nxe4 14. Rxe4 Bb7
15. Re3 Bf6 16. Rb1 Rc8 17. a5 Qxa5 18. Ra1 Qb6 19. Ba4+ Bc6 20. Bxc6+ Rxc6 21.
c3 bxc3 22. bxc3 Bxc3 23. Rb1 Qa7 24. Qa4 Qc7 25. Rb3 Bb4 26. d4 O-O 27. dxc5
Bxc5 28. Rec3 Rb6 29. Rxb6 Qxb6 30. Ne1 Bxf2+ 31. Kf1 Bxe1 32. Kxe1 Qg1+ 33.
Ke2 Qxg2+ 34. Ke1 Qb7 35. Rg3 g6 36. Kf1 Rc8 37. Qh4 Qb1+ 38. Kg2 Rc2+ 39. Kf3
Rc3+ 40. Kf2 Qb2+ 41. Ke1 Rc1# 0-1

[Event "NZ Junior 2011"]
[Site "?"]
[Date "2011.07.27"]
[Round "4.18"]
[White "Geng, Karen"]
[Black "Qin, Nicole"]
[Result "1-0"]
[WhiteElo "1279"]
[BlackElo "544"]
[PlyCount "43"]
[EventDate "2011.07.29"]
[SourceDate "2011.07.29"]

1. d4 d5 2. Bf4 Bf5 3. Nf3 Nc6 4. c3 e6 5. e3 Nge7 6. Nbd2 g6 7. Be5 Nxe5 8.
Nxe5 Bg7 9. Ndf3 O-O 10. h3 Bxe5 11. Nxe5 b6 12. g4 Be4 13. f3 f6 14. fxe4 fxe5
15. exd5 exd4 16. Qxd4 Nxd5 17. O-O-O c5 18. Qe5 Re8 19. Bg2 Qc8 20. Rxd5 exd5
21. Bxd5+ Kf8 22. Qf6# 1-0

[Event "NZ Junior 2011"]
[Site "?"]
[Date "2011.07.27"]
[Round "4.20"]
[White "Chen, Catherin"]
[Black "Simmons, Joshua"]
[Result "1-0"]
[WhiteElo "1077"]
[BlackElo "808"]
[PlyCount "21"]
[EventDate "2011.07.29"]
[SourceDate "2011.07.29"]

1. e4 e5 2. Nf3 Nc6 3. Bc4 h6 4. d3 Nf6 5. O-O d5 6. Bb5 dxe4 7. dxe4 Qxd1 8.
Rxd1 Nxe4 9. Nxe5 a6 10. Nxc6 axb5 11. Rd8# 1-0

[Event "NZ Junior 2011"]
[Site "?"]
[Date "2011.07.27"]
[Round "4.23"]
[White "Zhang, Jasmine"]
[Black "Li, Leo"]
[Result "1-0"]
[WhiteElo "712"]
[BlackElo "637"]
[PlyCount "53"]
[EventDate "2011.07.29"]
[SourceDate "2011.07.29"]

1. e4 c5 2. Nf3 Nc6 3. d4 d6 4. c3 Bg4 5. Bd3 cxd4 6. cxd4 Nxd4 7. Be2 Nc6 8.
h3 Bd7 9. Bc4 Qa5+ 10. Nc3 Nf6 11. Bd2 e5 12. Nd5 Be7 13. Bxa5 Nxa5 14. Qc2 Rc8
15. b3 b5 16. Nxe7 bxc4 17. Nxc8 Bxc8 18. bxc4 O-O 19. O-O Re8 20. Rfe1 h6 21.
c5 Be6 22. cxd6 Rd8 23. Qc3 Rxd6 24. Qxa5 Kh7 25. Qxa7 Rd7 26. Qc5 Rd3 27. Nxe5
{Black resigns} 1-0

[Event "NZ Junior 2011"]
[Site "?"]
[Date "2011.07.28"]
[Round "5.1"]
[White "Gao, Hans"]
[Black "Li, Luke"]
[Result "0-1"]
[WhiteElo "2124"]
[BlackElo "2223"]
[PlyCount "70"]
[EventDate "2011.07.29"]
[SourceDate "2011.07.29"]

1. e4 e6 2. d4 d5 3. Nc3 Nc6 4. Nf3 Nf6 5. e5 Ne4 6. Bd3 Bb4 7. O-O Nxc3 8.
bxc3 Bxc3 9. Rb1 Bb4 10. Ng5 Be7 11. Qg4 h5 12. Qh4 Nb4 13. Bb5+ c6 14. Be2
Nxa2 15. Bd2 Nc3 16. Bxc3 Bxg5 17. Qg3 g6 18. Bd3 a5 19. f4 Bh4 20. Qh3 b5 21.
g3 Be7 22. g4 b4 23. Bd2 Kd7 24. f5 gxf5 25. gxf5 Ba6 26. fxe6+ fxe6 27. Bxa6
Rxa6 28. Kh1 Qg8 29. Rg1 Qh7 30. Rbe1 Raa8 31. c3 b3 32. c4 dxc4 33. Rc1 Rhg8
34. Qf3 b2 35. Rxc4 Rxg1+ {White resigns} 0-1

[Event "NZ Junior 2011"]
[Site "?"]
[Date "2011.07.28"]
[Round "5.2"]
[White "Ang, Alphaeus"]
[Black "Zhang, William"]
[Result "0-1"]
[WhiteElo "1613"]
[BlackElo "1667"]
[PlyCount "110"]
[EventDate "2011.07.29"]
[SourceDate "2011.07.29"]

1. d4 Nf6 2. c4 g6 3. Nc3 Bg7 4. e4 d6 5. Nf3 O-O 6. Bd3 e5 7. d5 a5 8. O-O Na6
9. Be3 h6 10. h3 Nh7 11. Qd2 h5 12. Bh6 Nc5 13. Bxg7 Kxg7 14. Bc2 f5 15. exf5
gxf5 16. Qe3 Qf6 17. Nd2 f4 18. Qe2 Ng5 19. Nde4 Ncxe4 20. Nxe4 Nxe4 21. Bxe4
Qg5 22. Kh2 Bf5 23. Bxf5 Qxf5 24. Rg1 Kh6 25. Raf1 Rg8 26. g3 Raf8 27. g4 hxg4
28. Rxg4 Rxg4 29. Qxg4 Qxg4 30. hxg4 e4 31. Re1 Re8 32. f3 e3 33. Kh3 Kg5 34.
Kh2 Rh8+ 35. Kg2 Kf6 36. Re2 Ke5 37. Kf1 Kd4 38. b3 Kd3 39. Rb2 Rh1+ 40. Kg2
Rd1 41. Rf2 exf2 42. Kxf2 Rh1 43. Kg2 Rh8 44. Kf2 Kd2 45. a3 b6 46. b4 a4 47.
b5 Rg8 48. c5 bxc5 49. Kf1 Ke3 50. Kg2 Ke2 51. g5 Rxg5+ 52. Kh2 Kxf3 53. b6
cxb6 54. Kh1 Kf2 55. Kh2 Rh5# 0-1

[Event "NZ Junior 2011"]
[Site "?"]
[Date "2011.07.28"]
[Round "5.3"]
[White "Kolev, Hristo"]
[Black "Huang, Alex"]
[Result "1/2-1/2"]
[WhiteElo "1567"]
[BlackElo "2028"]
[PlyCount "41"]
[EventDate "2011.07.29"]
[SourceDate "2011.07.29"]

1. d4 Nf6 2. c4 g6 3. Nc3 Bg7 4. e4 d6 5. Nf3 O-O 6. Be2 Na6 7. Bg5 h6 8. Bh4
c5 9. d5 Nc7 10. O-O a6 11. a4 Rb8 12. e5 Nfe8 13. Bg3 Bg4 14. Nd2 Bf5 15. f4
e6 16. Nde4 exd5 17. cxd5 Qe7 18. Bf3 c4 19. Re1 Rd8 20. Bf2 Qd7 21. Nc5 {
Draw agreed} 1/2-1/2